000 00536nam a2200169Ia 4500
008 090711s9999 xx 000 0 und d
082 _b69247
100 _aभोगले शांताराम
245 _aभारतीय प्रशासन
260 _c1988
300 _a147
600 _aभोगले शांताराम
630 _aभारतीय प्रशासन
700 _aभोगले शांताराम
730 _aभारतीय प्रशासन
942 _cBOOK
999 _c295036
_d295036